| 000 | 00680nam a22002177a 4500 | ||
|---|---|---|---|
| 999 |
_c102869 _d102869 |
||
| 005 | 20181127111013.0 | ||
| 010 | _aENG-115846 | ||
| 020 |
_a9788173042508 _c1250.00 |
||
| 020 |
_a 8173042500 _c1250.00 |
||
| 035 | _aEN-99378 | ||
| 037 | _bDBAD/PUB | ||
| 082 | _a954.0842 | ||
| 100 | _dBimal Prasad | ||
| 245 |
_aPathway to India's partition 1937-1947 / _cby Bimal Prasad |
||
| 260 |
_aNew Delhi _bManohar Publisher's & Distributors _c2016 |
||
| 270 |
_a4753/23,Ansari Road, Daryaganj _bNew Delhi _e110002 |
||
| 300 |
_a645p. _c22cm(Hb) |
||
| 490 | _avol-III | ||
| 500 | _aIncludes bibliographical references and index | ||
| 942 |
_2ddc _cEN _h954.0842 _mBIM |
||